Die größten Handelspartner - Deutschland - Statistiken

Allgemein
  • Dieses Quiz wurde 22.014 mal gespielt
    21.729 seit der letzten Aktualisierung
  • Das Durchschnittsergebnis liegt bei 9 aus 11
Antwortstatistiken
Ausfuhr Einfuhr Land % Korrekt
158 Mrd. 94 Mrd. Vereinigte Staaten
99%
97 Mrd. 156 Mrd. China
98%
117 Mrd. 69 Mrd. Frankreich
96%
89 Mrd. 80 Mrd. Polen
88%
85 Mrd. 71 Mrd. Italien
87%
79 Mrd. 54 Mrd. Österreich
84%
67 Mrd. 52 Mrd. Schweiz
81%
112 Mrd. 103 Mrd. Niederlande
79%
78 Mrd. Vereinigtes Königreich
79%
60 Mrd. 53 Mrd. Belgien
71%
61 Mrd. Tschechien
67%
Keine übereinstimmenden Quizze gefunden
Verteilung der Resultate
Anzahl Personen mit jedem Resultat
Perzentil nach korrekt beantworteten Fragen
Ihre Resultats-Entwicklung
Sie haben dieses Quiz seit der letzten Aktualisierung nicht gespielt